Los de abajo

Wedi'i Gadw mewn:
Manylion Llyfryddiaeth
Prif Awdur: Azuela, Mariano (Awdur)
Fformat: Llyfr
Iaith:Sbaeneg
Cyhoeddwyd: Santiago Andrés Bello 1995
Rhifyn:5a. ed
Pynciau:
Tagiau: Ychwanegu Tag
Dim Tagiau, Byddwch y cyntaf i dagio'r cofnod hwn!

MARC

LEADER 00000nam a2200000 a 4500
001 UCG0131
003 CL-VaPUC
008 100312e19950000CL |||||||||||||||||spa|d
020 |a 9561305798 
082 0 4 |a Me863  |b AZU  |2 21 
100 0 |a Azuela, Mariano  |e author  |9 376822 
245 1 4 |a Los de abajo 
250 |a 5a. ed 
300 |a 139 p 
942 |c BK 
945 |d 20100312 00:00:00  |a cmena 
260 |a Santiago  |b Andrés Bello  |c 1995 
650 0 |a Novelas mexicanas  |9 317570 
650 0 |a Literatura mexicana  |9 313097 
583 |a last modification  |c 20121105 03:45:24  |k Rodrigo Vera 
999 |c 339878  |d 339876